00562nam a2200169Ia 4500003000900000008004100009020001800050040001600068080002200084245012500106260003200231300002300263650004100286650001400327700002500341700002600366IN-BaIIA211028s9999 xx 000 0 eng d a0-07-039742-2 cIIA Library a538.975(035)bMAI 0aHandbook of thin film technologycedited by Leon I. Maissel and Reinhard Glang  aNew YorkbMcGraw-Hillc1983 a[various pagings.] aAstronomy and Astrophysics Thesaurus aHandbooks aGlang, Reinhard, ed. aMaissel, Leon I., ed.